Los Inicios de la psicología científica y aplicada en Cataluña (1900-1939) / Milagros Sáiz Roca
ISBN:
84-7414-082-X
Descripción Física:
124 p. ; 22 cm + 1 CD-ROM
MARC
| LEADER | 00000nam a2200000Ia 4500 | ||
|---|---|---|---|
| 001 | 13623 | ||
| 008 | 160829s9999 xx 000 0 cat d | ||
| 020 | |a 84-7414-082-X | ||
| 080 | |a F-1-64 | ||
| 100 | |a Sáiz Roca, Milagros |9 22434 | ||
| 245 | |a Los Inicios de la psicología científica y aplicada en Cataluña (1900-1939) / Milagros Sáiz Roca | ||
| 260 | |a Barcelona : |b Eduard Fabregat E. : |b AVESTA, DL 2002 | ||
| 300 | |a 124 p. ; |c 22 cm + 1 CD-ROM | ||
| 590 | |a Material extret de l'exposició: 'Els inicis de la psicologia científica i aplicada a Catalunya (1900-1939)', celebrada a la Sala d'Actes de la Facultat de Ciències de l'Educació de la Universitat Autònoma de Barcelona els dies 5 a 8 de maig de 1998. | ||
| 590 | |a Bibliografia | ||
| 650 | |a Psicologia aplicada |x Catalunya |x Història |9 22435 | ||
| 901 | |a Arxiu | ||
| 942 | |n 1 | ||
| 952 | |0 0 |1 0 |4 0 |6 F164 |7 1 |9 42222 |a Arxiu |b Arxiu |d 2016-12-01 |l 0 |o F-1-64 |p 13623 |r 2016-12-01 00:00:00 |w 2016-12-01 |y ARXIU | ||
| 999 | |c 44669 |d 44669 | ||